000 00484nam a2200181Ia 4500
001 9804
008 140327s9999 xx 000 0 und d
020 _a81-7305-143-7
040 _cPK-LaUMT
082 _a 297.4
_bSTO-S
100 _aNicholson, R. A., J.A.
245 _aSufism : The mystical doctrines and the idea of personality
_cNicholson, R. A., J.A.<>Stoddart, William
260 _c1998
300 _a165 p.
546 _aEN
700 _aStoddart, William
942 _cBK
999 _c10876
_d10876